Countries Starting and Ending in Consonants Quiz Stats

 Plays Quiz not verified by Sporcle

Score 0/59 Timer 07:00
0 Plays Today
Country % Correct
Sweden
86.4%
Finland
85.4%
Japan
85%
Spain
84.6%
Brazil
83.1%
Portugal
82.4%
Denmark
81.9%
New Zealand
79.9%
Belgium
79.6%
Switzerland
78.8%
Poland
78.2%
Netherlands
76.1%
Chad
75.8%
Kazakhstan
75.1%
Pakistan
74.4%
Luxembourg
73.6%
Vietnam
72.9%
Yemen
72.7%
Laos
71.9%
Jordan
71.8%
Thailand
71.6%
Belarus
71.1%
Bhutan
71%
Liechtenstein
70.9%
Sudan
70.5%
Bahamas
70.2%
Bahrain
70.2%
Dominican Republic
70.2%
Swaziland
69.4%
Lebanon
69%
Country % Correct
Madagascar
68.9%
Bangladesh
68.9%
Honduras
68.9%
St. Kitts and Nevis
68.7%
Qatar
68.6%
Nepal
68.2%
Turkmenistan
68.2%
Barbados
67.6%
Benin
67.5%
Cameroon
67.1%
Cen. Afr. Rep.
66.5%
Cyprus
66.3%
Seychelles
66%
St. Vincent-Grenadines
65.8%
Kuwait
65.2%
Tajikistan
65%
Comoros
65%
Niger
65%
Gabon
64.6%
Philippines
64.4%
Marshall Islands
64.4%
Kyrgyzstan
64.2%
Solomon Islands
62%
Senegal
61.8%
Maldives
61.6%
Taiwan
58.8%
South Sudan
58.4%
Mauritius
57.8%
Myanmar
53.7%

You're not logged in!

Compare scores with friends on all Sporcle quizzes.
OR
Log In

Show Comments

Extras

Top Quizzes Today


Score Distribution

Your Account Isn't Verified!

In order to create a playlist on Sporcle, you need to verify the email address you used during registration. Go to your Sporcle Settings to finish the process.

Report this User

Report this user for behavior that violates our Community Guidelines.

Details: